Vista normal Vista MARC

Entrada Materia (personas)

Número de registros utilizados en: 1

001 - CONTROL NUMBER

  • control field: 68597

003 - CONTROL NUMBER IDENTIFIER

  • control field: Co-BoUCM

005 - DATE AND TIME OF LATEST TRANSACTION

  • control field: 20150505114238.0

008 - FIXED-LENGTH DATA ELEMENTS

  • fixed length control field: 150505|| aca||aabn | a|a d

040 ## - CATALOGING SOURCE

  • Original cataloging agency: Co-BoUCM
  • Transcribing agency: Co-BoUCM

100 ## - HEADING--PERSONAL NAME

  • Personal name: Labori, Fernand
  • Relator term: prólogo

670 ## - SOURCE DATA FOUND

  • Source citation: Work cat.: (Co-BoUCM): Duveau, Gaston 68596, El título de Abogado, 1913